| 000 | 05470cam a2200637 i 4500 | ||
|---|---|---|---|
| 001 | 3217 | ||
| 003 | FISKH | ||
| 005 | 20240220112037.0 | ||
| 008 | 150319s2014 wauab c b 001 0 eng d | ||
| 010 | _a 2015300640 | ||
| 020 |
_a9780076647835 _q(Student edition) 2014) |
||
| 020 |
_a0076647838 _q(Student edition) |
||
| 020 |
_a9780076647521 _q(Teacher edition) 2014) |
||
| 020 |
_a0076647528 _q(Teacher edition) |
||
| 020 |
_a9780076594764 _q(Reading Essentials & Study Guide/Student Workbook) 2013) |
||
| 020 |
_a0076594769 _q(Reading Essentials & Study Guide/Student Workbook) 2013) |
||
| 020 |
_a9780076594771 _q(Spanish Reading Essentials & Study Guide/Student Workbook) 2013) |
||
| 020 |
_a0076594777 _q(Spanish Reading Essentials & Study Guide/Student Workbook) 2013) |
||
| 020 |
_a9780076594757 _q(Reading Essentials & Study Guide - Answer Key) 2013) |
||
| 020 |
_a0076594750 _q(Reading Essentials & Study Guide - Answer Key) 2013) |
||
| 020 |
_a9780076594788 _q(Lecturas Fundamentales Y Guia De Estudio - Clave de respuesta) 2013) |
||
| 020 |
_a0076594785 _q(Lecturas Fundamentales Y Guia De Estudio - Clave de respuesta) 2013) |
||
| 020 |
_a9780076641284 _q(Chapter Tests and Lesson Quizzes) |
||
| 020 |
_a0076641287 _q(Chapter Tests and Lesson Quizzes) |
||
| 035 | _a(OCoLC)ocn868541747 | ||
| 040 |
_aPHADU _beng _cPHADU _dOCLCO _dOCLCF _dOCLCQ _dOCLCO _dDLC |
||
| 042 | _alccopycat | ||
| 050 | 0 | 0 | _aD21.S755 2014 |
| 082 | 0 | 0 |
_a909 _223 |
| 100 | 1 |
_aSpielvogel, Jackson J., _d1939- |
|
| 245 | 1 | 0 |
_aDiscovering our past : _ba history of the world / _cJackson J. Spielvogel, Ph.D. |
| 260 |
_aUnited States : _bMcGraw-Hill Education, _c2014. |
||
| 300 |
_a880 pages : _bcolor illustrations, maps ; _c29 cm |
||
| 336 |
_atext _btxt _2rdacontent |
||
| 337 |
_aunmediated _bn _2rdamedia |
||
| 338 |
_avolume _bnc _2rdacarrier |
||
| 505 | 0 | _aChapter 1: What Does a Historian Do? -- Chapter 2: Studying Geography, Economics, and Citizenship -- Chapter 3: Early Humans and the Agricultural Revolution -- Chapter 4: Mesopotamia -- Chapter 5: Ancient Egypt and Kush -- Chapter 6: The Israelites -- Chapter 7: The ancient Greeks -- Chapter 8: Greek civilization -- Chapter 9: Ancient India -- Chapter 10: Early China -- Chapter 11: Rome: Republic to Empire -- Chapter 12: Roman Civilization -- Chapter 13: The Rise of Christianity -- Chapter 14: Islamic Civilization -- Chapter 15: African Civilizations -- Chapter 16: The Americas -- Chapter 17: Imperial China -- Chapter 18: Civilizations of Korea, Japan, and Southeast Asia -- Chapter 19: Medieval Europe -- Chapter 20: Renaissance and Reformation -- Chapter 21: Age of Exploration and Trade -- Chapter 22: The Scientific Revolution and the Enlightenment -- Chapter 23: Political and Industrial Revolutions -- Chapter 24: Imperialism and World War I -- Chapter 25: World War II and the Cold War -- Chapter 26: Building Today's World. | |
| 505 | 0 | _aStudent Edition -- Teacher Edition -- Reading Essentials & Study Guide/Student Workbook -- Spanish Reading Essentials & Study Guide/Student Workbook -- Reading Essentials & Study Guide -- Answer Key -- Lecturas Fundamentales Y Guia De Estudio -- Clave de respuesta -- Chapter Tests and Lesson Quizzes. | |
| 520 | _aDiscovering Our Past: A History of the World connects today's students to the stories of our past with the first truly integrated print and digital middle school world history curriculum. McGraw-Hill networks: A Social Studies Learning System combines print resources grounded in solid pedagogy with a full suite of teaching and learning tools for a flexible, customized learning experience. Focus on the Essential Questions with an accessible student text built around Enduring Understanding and NCSS Standards. Bring the stories of the ages to life with with The Story Matters chapter openers, Biography features, Step Into Place maps and Step Into Time timelines. Maximize comprehension with built-in reading strategies, vocabulary support, Visual Literacy activities, and Guided Questions. Build critical thinking and historical analysis skills with Thinking Like a Historian, It Matters Because, What Do You Think, and Connections to Today. Customize the learning experience with differentiated instruction, leveled reading, customizable assessments and worksheets, and flexible online learning tools. Connect to core World History content with an accessible, student-friendly text built on the principles of Understanding by Design. - Publisher. | ||
| 546 | _aGlossary in English and Spanish. | ||
| 546 | _aStudent Reading Essentials & Study Guides and Answer Keys in English and Spanish. | ||
| 650 | 0 |
_aWorld history _vTextbooks. |
|
| 650 | 0 |
_aHistory, Ancient _vTextbooks. |
|
| 650 | 0 |
_aHistory _xStudy and teaching (Middle school) |
|
| 650 | 0 |
_aHistory _xStudy and teaching (Secondary) |
|
| 650 | 0 |
_aWorld history _xStudy and teaching (Secondary) |
|
| 650 | 0 |
_aWorld history _xStudy and teaching (Secondary) _vTextbooks. |
|
| 650 | 7 |
_aHistory, Ancient. _2fast _0(OCoLC)fst00958352 |
|
| 650 | 7 |
_aHistory _xStudy and teaching (Middle school) _2fast _0(OCoLC)fst00958325 |
|
| 650 | 7 |
_aHistory _xStudy and teaching (Secondary) _2fast _0(OCoLC)fst00958328 |
|
| 650 | 7 |
_aWorld history. _2fast _0(OCoLC)fst01181345 |
|
| 650 | 7 |
_aWorld history _xStudy and teaching (Secondary) _2fast _0(OCoLC)fst01181360 |
|
| 655 | 7 |
_aTextbooks. _2fast _0(OCoLC)fst01423863 |
|
| 906 |
_a7 _bcbc _ccopycat _d2 _encip _f20 _gy-gencatlg |
||
| 942 |
_2ddc _cBK _n0 |
||
| 999 |
_c3217 _d3217 |
||